Expert guidance (Record no. 76761)
[ view plain ]
| 000 -LEADER | |
|---|---|
| fixed length control field | 01270cab a2200229 4500 |
| 001 - CONTROL NUMBER | |
| control field | ##L133040 |
| 008 - FIXED-LENGTH DATA ELEMENTS--GENERAL INFORMATION | |
| fixed length control field | 060405n2006 000 0 eng u |
| 035 ## - SYSTEM CONTROL NUMBER | |
| System control number | (Sirsi) u133040 |
| 041 0# - LANGUAGE CODE | |
| Language code of text/sound track or separate title | eng |
| 100 1# - MAIN ENTRY--PERSONAL NAME | |
| Personal name | Hanbury, William |
| 245 #0 - TITLE STATEMENT | |
| Title | Expert guidance |
| 260 ## - PUBLICATION, DISTRIBUTION, ETC. | |
| Date of publication, distribution, etc. | 2006 |
| 490 #0 - SERIES STATEMENT | |
| Series statement | EMIS Property Service |
| Volume/sequential designation | 4(3) 2006, 6-7(2) |
| 520 ## - SUMMARY, ETC. | |
| Summary, etc. | Reviews the increasing number of protocols governing the preparation of expert evidence in the property field, some within and some without the Civil Procedure Rules. Covers guidance on giving evidence in court, key practice points and recent case law. Concludes that there is now a great deal of guidance available to experts and to those who instruct them and the guidance is sufficiently complete with relatively few practice points remaining to be decided. Further guidance as to the impartiality of the evidence given by an expert is likely to be forthcoming. |
| 590 ## - LOCAL NOTE (RLIN) | |
| Local note | IKA110406 |
| 650 24 - SUBJECT ADDED ENTRY--TOPICAL TERM | |
| Topical term or geographic name entry element | CIVIL PROCEDURE RULES |
| 650 24 - SUBJECT ADDED ENTRY--TOPICAL TERM | |
| Topical term or geographic name entry element | GURNEY CONSULTING ENGINEERS V GLEADS HEALTH AND SAFETY LTD |
| 650 24 - SUBJECT ADDED ENTRY--TOPICAL TERM | |
| Topical term or geographic name entry element | HAJIGEORGIOU V VASILIOU |
| 650 24 - SUBJECT ADDED ENTRY--TOPICAL TERM | |
| Topical term or geographic name entry element | BECK V MOD |
| 690 ## - LOCAL SUBJECT ADDED ENTRY--TOPICAL TERM (OCLC, RLIN) | |
| Topical term or geographic name as entry element | MANAGEMENT- DISPUTE AVOIDANCE, MANAGEMENT AND RESOLUTION-DISPUTE MANAGEMENT AND RESOLUTION-EXPERT WITNESSES-EXPERT EVIDENCE |
| 942 ## - ADDED ENTRY ELEMENTS (KOHA) | |
| Suppress in OPAC | 0 |
| Withdrawn status | Lost status | Source of classification or shelving scheme | Damaged status | Not for loan | Home library | Current library | Shelving location | Date acquired | Total Checkouts | Full call number | Barcode | Date last seen | Copy number | Price effective from | Koha item type |
|---|---|---|---|---|---|---|---|---|---|---|---|---|---|---|---|
| Dewey Decimal Classification | London | London | Journal article | 05/04/2006 | L133040 | 133040-1001 | 06/08/2019 | 1 | 06/08/2019 | Journal article |